[Event "Latvian Teams Chess Championship Higher League 2019"]
[Site "Riga Chess School, 10 Pernavas Street, Riga, Latvia"]
[Date "2019.06.09"]
[Round "6.5"]
[White "Chernyak, Viktoria"]
[Black "Limanovska, Elizabete"]
[Result "1-0"]
[TimeControl "Standard: 90 minutes with 30 second increment from move 1"]
[WhiteTitle "WFM"]
[BlackTitle "WFM"]
[WhiteFideId "24165956"]
[BlackFideId "11603542"]
[WhiteElo "2253"]
[BlackElo "2175"]

1. c4 {[%clk 01:30:58]} Nf6 {[%clk 01:27:51]} {[%emt 00:03:09]} 2. Nf3 {[%clk
01:30:42]} {[%emt 00:00:45]} b6 {[%clk 01:28:06]} {[%emt 00:00:15]} 3. g3
{[%clk 01:30:49]} {[%emt 00:00:23]} Bb7 {[%clk 01:28:30]} {[%emt 00:00:07]} 4.
Bg2 {[%clk 01:31:15]} {[%emt 00:00:04]} g6 {[%clk 01:28:37]} {[%emt 00:00:23]}
5. O-O {[%clk 01:31:13]} {[%emt 00:00:32]} Bg7 {[%clk 01:26:34]} {[%emt
00:02:32]} 6. Nc3 {[%clk 01:31:03]} {[%emt 00:00:40]} O-O {[%clk 01:24:57]}
{[%emt 00:02:08]} 7. d4 {[%clk 01:27:22]} {[%emt 00:04:11]} Ne4 {[%clk
01:24:14]} {[%emt 00:01:13]} 8. Qd3 {[%clk 01:26:35]} {[%emt 00:01:16]} Nxc3
{[%clk 01:23:05]} {[%emt 00:01:40]} 9. bxc3 {[%clk 01:24:54]} {[%emt 00:02:10]}
d6 {[%clk 01:19:15]} {[%emt 00:04:20]} 10. e4 {[%clk 01:20:12]} {[%emt
00:05:13]} Nd7 {[%clk 01:16:25]} {[%emt 00:03:20]} 11. Re1 {[%clk 01:18:53]}
{[%emt 00:01:49]} c5 {[%clk 01:07:10]} {[%emt 00:09:44]} 12. d5 {[%clk
01:14:45]} {[%emt 00:04:39]} b5 {[%clk 00:58:01]} {[%emt 00:09:39]} 13. cxb5
{[%clk 01:00:21]} {[%emt 00:14:54]} a6 {[%clk 00:56:55]} {[%emt 00:01:35]} 14.
bxa6 {[%clk 00:56:56]} {[%emt 00:03:56]} Bxa6 {[%clk 00:56:39]} {[%emt
00:00:46]} 15. Qc2 {[%clk 00:57:09]} {[%emt 00:00:16]} Qa5 {[%clk 00:48:21]}
{[%emt 00:08:48]} 16. Bd2 {[%clk 00:56:54]} {[%emt 00:00:46]} Nb6 {[%clk
00:35:24]} {[%emt 00:13:27]} 17. Rec1 {[%clk 00:50:17]} {[%emt 00:07:06]} Rfb8
{[%clk 00:28:00]} {[%emt 00:07:55]} 18. a4 {[%clk 00:39:51]} {[%emt 00:10:56]}
Nc4 {[%clk 00:26:22]} {[%emt 00:02:08]} 19. Ra2 {[%clk 00:29:42]} {[%emt
00:10:38]} Qb6 {[%clk 00:20:22]} {[%emt 00:06:30]} 20. Bf1 {[%clk 00:27:51]}
{[%emt 00:02:21]} Qb3 {[%clk 00:17:35]} {[%emt 00:03:18]} 21. Be1 {[%clk
00:22:47]} {[%emt 00:05:33]} Qxc2 {[%clk 00:14:14]} {[%emt 00:03:51]} 22. Raxc2
{[%clk 00:23:01]} {[%emt 00:00:16]} Na3 {[%clk 00:11:55]} {[%emt 00:02:49]} 23.
Ra2 {[%clk 00:23:14]} {[%emt 00:00:17]} Bxf1 {[%clk 00:12:16]} {[%emt
00:00:10]} 24. Kxf1 {[%clk 00:20:05]} {[%emt 00:03:39]} Rxa4 {[%clk 00:09:46]}
{[%emt 00:03:00]} 25. Nd2 {[%clk 00:16:19]} {[%emt 00:04:15]} Rba8 {[%clk
00:09:11]} {[%emt 00:01:05]} 26. Rb2 {[%clk 00:08:59]} {[%emt 00:07:50]} Nc4
{[%clk 00:07:11]} {[%emt 00:02:31]} 27. Nxc4 {[%clk 00:08:55]} {[%emt
00:00:34]} Rxc4 {[%clk 00:07:34]} {[%emt 00:00:06]} 28. f3 {[%clk 00:09:14]}
{[%emt 00:00:11]} Bf6 {[%clk 00:05:17]} {[%emt 00:02:48]} 29. Ke2 {[%clk
00:09:16]} {[%emt 00:00:27]} Ra3 {[%clk 00:04:33]} {[%emt 00:01:15]} 30. Kd3
{[%clk 00:07:21]} {[%emt 00:02:24]} Rca4 {[%clk 00:03:58]} {[%emt 00:01:05]} 31.
Bd2 {[%clk 00:05:16]} {[%emt 00:02:35]} Kg7 {[%clk 00:04:22]} {[%emt 00:00:06]}
32. Be3 {[%clk 00:03:21]} {[%emt 00:02:24]} Rb4 {[%clk 00:02:09]} {[%emt
00:02:45]} 33. Rbc2 {[%clk 00:03:05]} {[%emt 00:00:46]} Rbb3 {[%clk 00:02:08]}
{[%emt 00:00:30]} 34. Bd2 {[%clk 00:03:04]} {[%emt 00:00:31]} g5 {[%clk
00:02:14]} {[%emt 00:00:24]} 35. Kc4 {[%clk 00:02:31]} {[%emt 00:01:04]} h6
{[%clk 00:02:18]} {[%emt 00:00:25]} 36. Re1 {[%clk 00:01:59]} {[%emt 00:01:01]}
Rb8 {[%clk 00:02:06]} {[%emt 00:00:43]} 37. f4 {[%clk 00:02:07]} {[%emt
00:00:23]} Ra4+ {[%clk 00:02:06]} {[%emt 00:00:30]} 38. Kd3 {[%clk 00:02:32]}
{[%emt 00:00:03]} c4+ {[%clk 00:01:38]} {[%emt 00:00:59]} 39. Ke3 {[%clk
00:02:03]} {[%emt 00:00:59]} gxf4+ {[%clk 00:01:07]} {[%emt 00:01:02]} 40. gxf4
{[%clk 00:02:28]} {[%emt 00:00:05]} Kh7 {[%clk 00:01:23]} {[%emt 00:00:13]} 41.
Kf3 {[%clk 00:02:31]} {[%emt 00:00:27]} Rg8 {[%clk 00:01:04]} {[%emt 00:00:50]}
42. e5 {[%clk 00:02:29]} {[%emt 00:00:32]} Bh4 {[%clk 00:01:29]} {[%emt
00:00:04]} 43. Rd1 {[%clk 00:02:27]} {[%emt 00:00:33]} dxe5 {[%clk 00:00:49]}
{[%emt 00:01:10]} 44. fxe5 {[%clk 00:02:52]} {[%emt 00:00:04]} Rd8 {[%clk
00:00:44]} {[%emt 00:00:35]} 45. Be3 {[%clk 00:02:37]} {[%emt 00:00:45]} Bg5
{[%clk 00:00:55]} {[%emt 00:00:19]} 46. Bf2 {[%clk 00:02:30]} {[%emt 00:00:38]}
h5 {[%clk 00:01:03]} {[%emt 00:00:22]} 47. Ke4 {[%clk 00:02:45]} {[%emt
00:00:14]} Ra5 {[%clk 00:00:57]} {[%emt 00:00:36]} 48. Bb6 {[%clk 00:02:59]}
{[%emt 00:00:16]} 1-0

[Event "Latvian Teams Chess Championship Higher League 2019"]
[Site "Riga Chess School, 10 Pernavas Street, Riga, Latvia"]
[Date "2019.06.09"]
[Round "6.6"]
[White "Kengis, Edvins"]
[Black "Semjonovs, Ilja"]
[Result "1/2-1/2"]
[TimeControl "Standard: 90 minutes with 30 second increment from move 1"]
[WhiteTitle "GM"]
[BlackTitle "FM"]
[WhiteFideId "11600039"]
[BlackFideId "11604263"]
[WhiteElo "2534"]
[BlackElo "2383"]

1. Nf3 {[%clk 01:30:55]} {[%emt 00:00:04]} Nf6 {[%clk 01:30:10]} {[%emt
00:00:50]} 2. c4 {[%clk 01:31:19]} {[%emt 00:00:06]} e6 {[%clk 01:28:55]}
{[%emt 00:01:45]} 3. g3 {[%clk 01:29:55]} {[%emt 00:01:54]} b6 {[%clk
01:26:47]} {[%emt 00:02:38]} 4. Bg2 {[%clk 01:29:49]} {[%emt 00:00:36]} Bb7
{[%clk 01:27:11]} {[%emt 00:00:05]} 5. O-O {[%clk 01:28:17]} {[%emt 00:02:03]}
d6 {[%clk 01:26:30]} {[%emt 00:01:11]} 6. d4 {[%clk 01:28:21]} {[%emt
00:00:26]} Nbd7 {[%clk 01:24:55]} {[%emt 00:02:05]} 7. Nc3 {[%clk 01:26:39]}
{[%emt 00:02:12]} Ne4 {[%clk 01:22:01]} {[%emt 00:03:23]} 8. Nxe4 {[%clk
01:26:37]} {[%emt 00:00:33]} Bxe4 {[%clk 01:22:05]} {[%emt 00:00:25]} 9. Ne1
{[%clk 01:27:02]} {[%emt 00:00:06]} Bxg2 {[%clk 01:17:36]} {[%emt 00:04:59]} 10.
Nxg2 {[%clk 01:27:27]} {[%emt 00:00:05]} Be7 {[%clk 01:13:41]} {[%emt
00:04:24]} 11. e4 {[%clk 01:23:26]} {[%emt 00:04:33]} O-O {[%clk 01:11:26]}
{[%emt 00:02:43]} 12. b3 {[%clk 01:10:35]} {[%emt 00:13:22]} c5 {[%clk
01:04:48]} {[%emt 00:07:06]} 13. Bb2 {[%clk 01:10:33]} {[%emt 00:00:34]} cxd4
{[%clk 01:03:37]} {[%emt 00:01:40]} 14. Bxd4 {[%clk 01:09:38]} {[%emt
00:01:26]} Qc7 {[%clk 01:02:59]} {[%emt 00:01:08]} 15. Qe2 {[%clk 01:09:50]}
{[%emt 00:00:18]} Bf6 {[%clk 00:50:05]} {[%emt 00:13:25]} 16. Rad1 {[%clk
01:09:30]} {[%emt 00:00:49]} Bxd4 {[%clk 00:49:18]} {[%emt 00:01:18]} 17. Rxd4
{[%clk 01:09:57]} {[%emt 00:00:02]} Rad8 {[%clk 00:48:26]} {[%emt 00:01:22]} 18.
Rfd1 {[%clk 01:10:17]} {[%emt 00:00:10]} Ne5 {[%clk 00:48:40]} {[%emt
00:00:15]} 19. Ne3 {[%clk 01:09:27]} {[%emt 00:01:20]} Rd7 {[%clk 00:43:23]}
{[%emt 00:05:48]} 20. f4 {[%clk 01:09:07]} {[%emt 00:00:50]} Nc6 {[%clk
00:43:41]} {[%emt 00:00:13]} 21. R4d2 {[%clk 01:09:30]} {[%emt 00:00:06]} Rfd8
{[%clk 00:41:50]} {[%emt 00:02:20]} 22. h4 {[%clk 01:03:23]} {[%emt 00:06:38]}
h6 {[%clk 00:35:45]} {[%emt 00:06:35]} 23. Kh2 {[%clk 00:55:09]} {[%emt
00:08:44]} a6 {[%clk 00:34:18]} {[%emt 00:01:56]} 24. h5 {[%clk 00:53:13]}
{[%emt 00:02:27]} Qb7 {[%clk 00:32:36]} {[%emt 00:02:11]} 25. Qg2 {[%clk
00:51:51]} {[%emt 00:01:53]} b5 {[%clk 00:29:44]} {[%emt 00:03:23]} 26. g4
{[%clk 00:48:07]} {[%emt 00:04:13]} Qb6 {[%clk 00:29:04]} {[%emt 00:01:10]} 27.
Qg3 {[%clk 00:48:26]} {[%emt 00:00:11]} bxc4 {[%clk 00:25:56]} {[%emt
00:03:37]} 28. Nxc4 {[%clk 00:44:25]} {[%emt 00:04:32]} Qc5 {[%clk 00:24:31]}
{[%emt 00:01:54]} 29. g5 {[%clk 00:18:44]} {[%emt 00:26:12]} hxg5 {[%clk
00:20:46]} {[%emt 00:04:14]} 30. fxg5 {[%clk 00:19:00]} {[%emt 00:00:15]} d5
{[%clk 00:20:00]} {[%emt 00:01:16]} 31. Ne5 {[%clk 00:15:47]} {[%emt 00:03:43]}
Nxe5 32. Qxe5 {[%clk 00:16:15]} Qd6 {[%clk 00:16:19]} {[%emt 00:00:53]} 33.
Qxd6 {[%clk 00:16:30]} {[%emt 00:00:16]} Rxd6 {[%clk 00:16:45]} {[%emt
00:00:04]} 34. exd5 {[%clk 00:14:08]} {[%emt 00:02:51]} exd5 {[%clk 00:17:03]}
{[%emt 00:00:12]} 35. Rd4 {[%clk 00:14:07]} {[%emt 00:00:31]} Kh7 {[%clk
00:15:48]} {[%emt 00:01:46]} 36. Kg3 {[%clk 00:14:09]} {[%emt 00:00:27]} R8d7
{[%clk 00:13:55]} {[%emt 00:02:23]} 37. Kf4 {[%clk 00:13:32]} {[%emt 00:01:06]}
f6 {[%clk 00:12:18]} {[%emt 00:02:07]} 38. g6+ {[%clk 00:09:01]} {[%emt
00:05:01]} Kh6 {[%clk 00:12:39]} {[%emt 00:00:10]} 39. Re1 {[%clk 00:09:22]}
{[%emt 00:00:09]} Rd8 {[%clk 00:12:10]} {[%emt 00:00:59]} 40. Kf5 {[%clk
00:09:04]} {[%emt 00:00:48]} Rc6 {[%clk 00:10:41]} {[%emt 00:02:00]} 41. Red1
{[%clk 00:08:40]} {[%emt 00:00:53]} Rc2 {[%clk 00:09:05]} {[%emt 00:02:07]} 42.
Rxd5 {[%clk 00:09:05]} {[%emt 00:00:05]} Rxd5+ {[%clk 00:09:31]} {[%emt
00:00:03]} 43. Rxd5 {[%clk 00:09:30]} {[%emt 00:00:05]} Kxh5 {[%clk 00:09:49]}
{[%emt 00:00:12]} 44. Ra5 {[%clk 00:09:24]} {[%emt 00:00:36]} Rc6 {[%clk
00:09:20]} {[%emt 00:00:59]} 1/2-1/2

[Event "Latvian Teams Chess Championship Higher League 2019"]
[Site "Riga Chess School, 10 Pernavas Street, Riga, Latvia"]
[Date "2019.06.09"]
[Round "6.7"]
[White "Chukavin, Kirill"]
[Black "Mustaps, Matiss"]
[Result "1-0"]
[TimeControl "Standard: 90 minutes with 30 second increment from move 1"]
[WhiteTitle "FM"]
[BlackTitle "FM"]
[WhiteFideId "4503023"]
[BlackFideId "11602295"]
[WhiteElo "2294"]
[BlackElo "2385"]

1. e4 {[%clk 01:30:55]} {[%emt 00:00:04]} d6 {[%clk 01:28:53]} {[%emt
00:02:08]} 2. d4 {[%clk 01:31:01]} {[%emt 00:00:23]} Nf6 {[%clk 01:29:19]}
{[%emt 00:00:05]} 3. Nc3 {[%clk 01:31:24]} {[%emt 00:00:07]} g6 {[%clk
01:29:47]} {[%emt 00:00:02]} 4. f4 {[%clk 01:31:12]} {[%emt 00:00:42]} Bg7
{[%clk 01:30:02]} {[%emt 00:00:14]} 5. Bd3 {[%clk 01:31:12]} {[%emt 00:00:30]}
O-O {[%clk 01:30:10]} {[%emt 00:00:22]} 6. Nf3 {[%clk 01:31:32]} {[%emt
00:00:11]} c5 {[%clk 01:30:15]} {[%emt 00:00:25]} 7. dxc5 {[%clk 01:29:28]}
{[%emt 00:02:33]} dxc5 {[%clk 01:30:30]} {[%emt 00:00:16]} 8. Qe2 {[%clk
01:26:19]} {[%emt 00:03:38]} Nc6 {[%clk 01:28:14]} {[%emt 00:02:46]} 9. e5
{[%clk 01:25:49]} {[%emt 00:00:59]} Nd5 {[%clk 01:28:29]} {[%emt 00:00:16]} 10.
Nxd5 {[%clk 01:22:57]} {[%emt 00:03:22]} Qxd5 {[%clk 01:27:54]} {[%emt
00:01:05]} 11. Bc4 {[%clk 01:18:04]} {[%emt 00:05:23]} Qd8 {[%clk 01:28:13]}
{[%emt 00:00:11]} 12. Be3 {[%clk 01:17:08]} {[%emt 00:01:26]} b6 {[%clk
01:25:08]} {[%emt 00:03:35]} 13. O-O {[%clk 01:03:04]} {[%emt 00:14:33]} Qc7
{[%clk 01:18:09]} {[%emt 00:07:31]} 14. Rad1 {[%clk 00:55:04]} {[%emt
00:08:30]} e6 {[%clk 01:12:18]} {[%emt 00:06:21]} 15. Bf2 {[%clk 00:46:11]}
{[%emt 00:09:22]} Ne7 {[%clk 01:08:54]} {[%emt 00:03:54]} 16. Ng5 {[%clk
00:42:39]} {[%emt 00:04:02]} Bb7 {[%clk 01:07:40]} {[%emt 00:01:44]} 17. Bd3
{[%clk 00:28:53]} {[%emt 00:14:16]} h6 {[%clk 01:07:36]} {[%emt 00:00:34]} 18.
Ne4 {[%clk 00:28:20]} {[%emt 00:01:02]} Qc6 {[%clk 01:07:58]} {[%emt 00:00:09]}
19. Rfe1 {[%clk 00:18:55]} {[%emt 00:09:56]} a6 {[%clk 01:02:36]} {[%emt
00:05:52]} 20. Qf1 {[%clk 00:16:02]} {[%emt 00:03:23]} Nf5 {[%clk 01:01:04]}
{[%emt 00:02:01]} 21. g4 {[%clk 00:09:37]} {[%emt 00:06:55]} Rfd8 {[%clk
00:51:09]} {[%emt 00:10:25]} 22. gxf5 {[%clk 00:07:46]} {[%emt 00:02:21]} exf5
{[%clk 00:36:07]} {[%emt 00:15:33]} 23. Ng3 {[%clk 00:08:05]} {[%emt 00:00:10]}
Qa4 {[%clk 00:36:08]} {[%emt 00:00:29]} 24. Be3 {[%clk 00:06:36]} {[%emt
00:01:59]} Qxa2 {[%clk 00:34:05]} {[%emt 00:02:34]} 25. Ra1 {[%clk 00:04:41]}
{[%emt 00:02:25]} Qd5 {[%clk 00:33:34]} {[%emt 00:01:01]} 26. Bc4 {[%clk
00:05:01]} {[%emt 00:00:10]} Qc6 {[%clk 00:33:33]} {[%emt 00:00:30]} 27. Bxa6
{[%clk 00:04:51]} {[%emt 00:00:40]} Rxa6 {[%clk 00:33:53]} {[%emt 00:00:10]} 28.
Rxa6 {[%clk 00:05:19]} {[%emt 00:00:03]} h5 {[%clk 00:33:17]} {[%emt 00:01:06]}
29. Ra7 {[%clk 00:03:37]} {[%emt 00:02:11]} h4 {[%clk 00:33:42]} {[%emt
00:00:05]} 30. Rxb7 {[%clk 00:04:01]} {[%emt 00:00:07]} Qxb7 {[%clk 00:34:08]}
{[%emt 00:00:02]} 31. Ne2 {[%clk 00:03:30]} {[%emt 00:01:02]} Qe4 {[%clk
00:34:32]} {[%emt 00:00:04]} 32. Nc3 {[%clk 00:03:49]} {[%emt 00:00:13]} Qxc2
{[%clk 00:34:57]} {[%emt 00:00:06]} 33. Qf2 {[%clk 00:03:54]} {[%emt 00:00:25]}
Qb3 {[%clk 00:35:19]} {[%emt 00:00:08]} 34. Qxh4 {[%clk 00:03:58]} {[%emt
00:00:25]} Re8 {[%clk 00:31:11]} {[%emt 00:04:38]} 35. Re2 {[%clk 00:01:35]}
{[%emt 00:02:54]} b5 {[%clk 00:31:17]} {[%emt 00:00:23]} 36. Bxc5 {[%clk
00:00:54]} {[%emt 00:01:11]} b4 {[%clk 00:31:44]} {[%emt 00:00:03]} 37. Nb1
{[%clk 00:01:19]} {[%emt 00:00:05]} g5 {[%clk 00:22:56]} {[%emt 00:09:19]} 38.
Qe1 {[%clk 00:00:42]} {[%emt 00:01:06]} Qc4 {[%clk 00:21:09]} {[%emt 00:02:17]}
39. Bxb4 {[%clk 00:00:46]} {[%emt 00:00:26]} gxf4 {[%clk 00:21:01]} {[%emt
00:00:38]} 40. Bc3 {[%clk 00:00:51]} {[%emt 00:00:25]} f3 {[%clk 00:20:56]}
{[%emt 00:00:36]} 41. Re3 {[%clk 00:01:11]} {[%emt 00:00:10]} f6 {[%clk
00:14:05]} {[%emt 00:07:21]} 42. e6 {[%clk 00:01:02]} {[%emt 00:00:38]} f4
{[%clk 00:14:29]} {[%emt 00:00:06]} 43. Rxf3 {[%clk 00:01:13]} {[%emt
00:00:19]} Rxe6 {[%clk 00:14:56]} {[%emt 00:00:04]} 44. Qf1 {[%clk 00:01:14]}
{[%emt 00:00:29]} Qc5+ {[%clk 00:14:49]} {[%emt 00:00:37]} 45. Qf2 {[%clk
00:00:36]} {[%emt 00:01:08]} Re3 {[%clk 00:14:05]} {[%emt 00:01:13]} 46. Bd2
{[%clk 00:00:34]} {[%emt 00:00:32]} Qg5+ {[%clk 00:14:21]} {[%emt 00:00:15]} 47.
Kh1 {[%clk 00:00:53]} {[%emt 00:00:11]} Rxf3 {[%clk 00:11:30]} {[%emt
00:03:21]} 48. Qxf3 {[%clk 00:01:21]} {[%emt 00:00:02]} Qf5 {[%clk 00:11:56]}
{[%emt 00:00:04]} 49. Nc3 {[%clk 00:00:40]} {[%emt 00:01:10]} Qc2 {[%clk
00:12:25]} 50. Qd5+ {[%clk 00:01:03]} {[%emt 00:00:07]} Kh8 {[%clk 00:12:52]}
{[%emt 00:00:04]} 51. Qh5+ {[%clk 00:01:20]} {[%emt 00:00:13]} Kg8 {[%clk
00:13:17]} {[%emt 00:00:04]} 52. Qd5+ {[%clk 00:01:46]} {[%emt 00:00:04]} Kh8
{[%clk 00:13:45]} {[%emt 00:00:03]} 53. Qh5+ {[%clk 00:00:47]} {[%emt
00:01:30]} Kg8 {[%clk 00:14:08]} {[%emt 00:00:07]} 54. Qe8+ {[%clk 00:01:12]}
{[%emt 00:00:04]} Bf8 {[%clk 00:12:56]} {[%emt 00:01:42]} 55. Qe6+ {[%clk
00:01:22]} {[%emt 00:00:20]} Kg7 {[%clk 00:13:14]} {[%emt 00:00:12]} 56. Qd7+
{[%clk 00:00:59]} {[%emt 00:00:54]} Kg8 {[%clk 00:13:03]} {[%emt 00:00:39]} 57.
Qe6+ {[%clk 00:01:24]} {[%emt 00:00:07]} Kg7 {[%clk 00:13:25]} {[%emt
00:00:07]} 58. Qd7+ {[%clk 00:01:50]} {[%emt 00:00:05]} Kg8 {[%clk 00:12:59]}
{[%emt 00:07:39]} 59. Qg4+ {[%clk 00:03:06]} {[%emt 00:01:13]} Kh8 {[%clk
00:12:49]} {[%emt 00:00:40]} 60. Qxf4 {[%clk 00:03:00]} {[%emt 00:00:38]} Qxb2
{[%clk 00:13:15]} {[%emt 00:00:03]} 61. Qxf6+ {[%clk 00:02:24]} {[%emt
00:01:06]} Bg7 {[%clk 00:13:42]} {[%emt 00:00:03]} 62. Qd8+ {[%clk 00:02:10]}
{[%emt 00:00:43]} Kh7 {[%clk 00:14:09]} {[%emt 00:00:04]} 63. Qd3+ {[%clk
00:02:31]} {[%emt 00:00:09]} Kh8 {[%clk 00:14:37]} {[%emt 00:00:02]} 64. Ne4
{[%clk 00:02:38]} {[%emt 00:00:23]} Qa1+ {[%clk 00:13:41]} {[%emt 00:01:26]} 65.
Kg2 {[%clk 00:03:05]} {[%emt 00:00:02]} Qd1 {[%clk 00:11:50]} {[%emt 00:02:21]}
66. Qd8+ {[%clk 00:02:20]} {[%emt 00:01:15]} Kh7 {[%clk 00:12:15]} {[%emt
00:00:06]} 67. Ng5+ {[%clk 00:02:05]} {[%emt 00:00:44]} Kg6 {[%clk 00:12:14]}
{[%emt 00:00:32]} 68. Qd3+ {[%clk 00:02:20]} {[%emt 00:00:15]} Kh5 {[%clk
00:12:17]} {[%emt 00:00:27]} 69. Qh3+ {[%clk 00:01:32]} {[%emt 00:01:18]} Kg6
{[%clk 00:12:42]} {[%emt 00:00:05]} 70. Qh7+ {[%clk 00:01:52]} {[%emt
00:00:09]} Kf6 {[%clk 00:13:08]} {[%emt 00:00:04]} 71. Bc3+ {[%clk 00:02:15]}
{[%emt 00:00:07]} Kxg5 {[%clk 00:13:32]} {[%emt 00:00:07]} 72. Qxg7+ {[%clk
00:02:33]} {[%emt 00:00:12]} Kf5 {[%clk 00:13:09]} {[%emt 00:00:53]} 73. Qf6+
{[%clk 00:02:53]} {[%emt 00:00:09]} Ke4 {[%clk 00:13:25]} {[%emt 00:00:15]} 74.
Qe5+ {[%clk 00:03:16]} {[%emt 00:00:06]} Kd3 {[%clk 00:13:51]} {[%emt
00:00:05]} 75. Qd4+ {[%clk 00:03:41]} {[%emt 00:00:04]} 1-0

[Event "Latvian Teams Chess Championship Higher League 2019"]
[Site "Riga Chess School, 10 Pernavas Street, Riga, Latvia"]
[Date "2019.06.09"]
[Round "6.8"]
[White "Lavendelis, Egons"]
[Black "Golubovskis, Maksims"]
[Result "1-0"]
[TimeControl "Standard: 90 minutes with 30 second increment from move 1"]
[WhiteTitle "FM"]
[WhiteFideId "11601647"]
[BlackFideId "11608528"]
[WhiteElo "2251"]
[BlackElo "2007"]

1. e4 {[%clk 01:30:57]} {[%emt 00:00:02]} c5 {[%clk 01:30:52]} {[%emt
00:00:08]} 2. Nf3 {[%clk 01:31:22]} {[%emt 00:00:04]} Nc6 {[%clk 01:31:18]}
{[%emt 00:00:04]} 3. Bb5 {[%clk 01:31:48]} {[%emt 00:00:04]} g6 {[%clk
01:31:44]} {[%emt 00:00:05]} 4. c3 {[%clk 01:32:08]} {[%emt 00:00:10]} Bg7
{[%clk 01:32:09]} {[%emt 00:00:04]} 5. O-O {[%clk 01:32:32]} {[%emt 00:00:07]}
Nf6 {[%clk 01:32:35]} {[%emt 00:00:03]} 6. Qe2 {[%clk 01:32:58]} {[%emt
00:00:04]} O-O {[%clk 01:32:39]} {[%emt 00:00:26]} 7. d4 {[%clk 01:33:21]}
{[%emt 00:00:08]} cxd4 {[%clk 01:30:36]} {[%emt 00:02:33]} 8. cxd4 {[%clk
01:33:48]} {[%emt 00:00:03]} d5 {[%clk 01:30:49]} {[%emt 00:00:16]} 9. e5
{[%clk 01:34:14]} {[%emt 00:00:05]} Ne4 {[%clk 01:31:10]} {[%emt 00:00:08]} 10.
Be3 {[%clk 01:34:39]} {[%emt 00:00:05]} a6 {[%clk 01:28:20]} {[%emt 00:03:21]}
11. Bxc6 {[%clk 01:27:39]} {[%emt 00:07:31]} bxc6 {[%clk 01:28:48]} 12. Rc1
{[%clk 01:27:59]} {[%emt 00:00:09]} Qb6 {[%clk 01:25:03]} {[%emt 00:04:15]} 13.
Ne1 {[%clk 01:13:18]} {[%emt 00:15:12]} f6 {[%clk 01:19:59]} {[%emt 00:05:34]}
14. f3 {[%clk 01:13:26]} {[%emt 00:00:21]} Ng5 {[%clk 01:20:13]} {[%emt
00:00:17]} 15. f4 {[%clk 01:08:31]} {[%emt 00:05:25]} Ne6 {[%clk 01:17:50]}
{[%emt 00:02:52]} 16. Nf3 {[%clk 01:08:54]} {[%emt 00:00:06]} fxe5 {[%clk
01:16:25]} {[%emt 00:01:56]} 17. fxe5 {[%clk 01:09:20]} {[%emt 00:00:05]} Nf4
{[%clk 01:15:15]} {[%emt 00:01:39]} 18. Qd2 {[%clk 01:06:30]} {[%emt 00:03:19]}
Nh3+ {[%clk 01:15:32]} {[%emt 00:00:14]} 19. Kh1 {[%clk 01:04:18]} {[%emt
00:02:42]} Bf5 {[%clk 00:51:49]} {[%emt 00:24:13]} 20. Nc3 {[%clk 00:55:56]}
{[%emt 00:08:52]} Be4 {[%clk 00:48:54]} {[%emt 00:03:25]} 21. Nxe4 {[%clk
00:49:47]} {[%emt 00:06:39]} dxe4 {[%clk 00:49:22]} {[%emt 00:00:02]} 22. Nh4
{[%clk 00:34:18]} {[%emt 00:15:58]} g5 {[%clk 00:49:40]} {[%emt 00:00:13]} 23.
gxh3 {[%clk 00:33:34]} {[%emt 00:01:14]} gxh4 {[%clk 00:50:08]} {[%emt
00:00:02]} 24. Rg1 {[%clk 00:30:41]} {[%emt 00:03:22]} Rf7 {[%clk 00:46:21]}
{[%emt 00:04:18]} 25. Rg4 {[%clk 00:25:42]} {[%emt 00:05:29]} h5 {[%clk
00:45:04]} {[%emt 00:01:47]} 26. Rg6 {[%clk 00:25:04]} {[%emt 00:01:07]} e6
{[%clk 00:38:29]} {[%emt 00:07:06]} 27. Rag1 {[%clk 00:22:54]} {[%emt
00:02:40]} Rd8 {[%clk 00:37:53]} {[%emt 00:01:05]} 28. Qg2 {[%clk 00:21:21]}
{[%emt 00:02:02]} Rdd7 {[%clk 00:37:51]} {[%emt 00:00:34]} 29. Rxe6 {[%clk
00:21:26]} {[%emt 00:00:26]} Qd8 {[%clk 00:37:44]} {[%emt 00:00:37]} 30. Rg6
{[%clk 00:20:47]} {[%emt 00:01:08]} Rb7 {[%clk 00:37:46]} {[%emt 00:00:28]} 31.
e6 {[%clk 00:19:18]} {[%emt 00:01:59]} Rfc7 {[%clk 00:38:09]} {[%emt 00:00:07]}
32. Qxe4 {[%clk 00:13:33]} {[%emt 00:06:16]} Qd5 {[%clk 00:38:09]} {[%emt
00:00:30]} 33. Qxd5 cxd5 {[%clk 00:38:37]} 34. Bf4 {[%clk 00:13:15]} {[%emt
00:01:11]} Re7 {[%clk 00:38:40]} {[%emt 00:00:28]} 35. Bd6 {[%clk 00:12:20]}
{[%emt 00:01:25]} Re8 {[%clk 00:38:50]} {[%emt 00:00:20]} 36. Be5 {[%clk
00:11:06]} {[%emt 00:01:43]} Ree7 {[%clk 00:39:12]} {[%emt 00:00:10]} 37. Bf6
{[%clk 00:10:44]} {[%emt 00:00:51]} Rec7 {[%clk 00:39:23]} {[%emt 00:00:20]} 38.
Rxg7+ {[%clk 00:08:27]} {[%emt 00:02:47]} Rxg7 {[%clk 00:39:51]} {[%emt
00:00:02]} 39. Rxg7+ {[%clk 00:08:51]} {[%emt 00:00:05]} Rxg7 {[%clk 00:40:16]}
{[%emt 00:00:05]} 40. e7 {[%clk 00:08:51]} {[%emt 00:00:31]} 1-0